000 00537nam a2200157 4500
001 112142
003 ES-MaACL
005 20230906185443.0
007 t|
008 061121s1911 sp r ||||1| spa d
100 1 _aNicolau d'Olwer, Lluís.
_985587
245 1 3 _aEl teatro de Menandro
_b: estudio histórico-literario y traducción de los nuevos fragmentos : tesis doctoral /
_cpor Lluis Nicolau de Olwer.
260 _aBarcelona :
_b[s. n.],
_c1911 (
_fTip. L'Avenç)
300 _a332 p. ;
_c26 x 19 cm.
852 _aES-MaACL
_jF-1214
999 _c112142
_d112142